Las certezas perdidas: padres y maestros ante los desafíos del presente
محفوظ في:
| المؤلف الرئيسي: | |
|---|---|
| التنسيق: | كتاب |
| اللغة: | الإسبانية |
| منشور في: |
Buenos Aires
Paidós
2008
|
| الطبعة: | 1a. ed |
| سلاسل: | Voces de la Educación
|
| الموضوعات: | |
| الوسوم: |
إضافة وسم
لا توجد وسوم, كن أول من يضع وسما على هذه التسجيلة!
|
MARC
| LEADER | 00000nam a2200000 a 4500 | ||
|---|---|---|---|
| 001 | UCI9693 | ||
| 003 | CL-VaPUC | ||
| 008 | 081128e20080000AG |||||||||||||||||spa|d | ||
| 020 | |a 9789501215151 | ||
| 082 | 0 | 4 | |a 370.15 |b VAS |2 21 |
| 100 | 0 | |a Vasen, Juan |e author |9 533579 | |
| 245 | 1 | 4 | |a Las certezas perdidas: padres y maestros ante los desafíos del presente |
| 250 | |a 1a. ed | ||
| 300 | |a 173 p | ||
| 942 | |c BK | ||
| 945 | |d 20081128 00:00:00 |a jtorresc | ||
| 260 | |a Buenos Aires |b Paidós |c 2008 | ||
| 650 | 0 | |a Psicología educacional |9 307830 | |
| 650 | 7 | |a RELACIONES PADRES DOCENTES |2 CL-VaPUC |9 339338 | |
| 650 | 0 | |a Adaptación escolar |9 308713 | |
| 650 | 0 | |a Sociología de la educación |9 260380 | |
| 650 | 7 | |a NIÑOS EN EDAD ESCOLAR |2 CL-VaPUC |9 463857 | |
| 583 | |a last modification |c 20081128 00:00:00 |k Rodrigo Vera | ||
| 490 | 0 | |a Voces de la Educación | |
| 999 | |c 332176 |d 332174 | ||
| 952 | |0 0 |1 0 |4 0 |6 370_150000000000000_VAS_2008 |7 0 |8 A |9 419608 |a BIBEDU |b BIBEDU |d 2019-11-22 |i 4501721 |o 370.15 VAS 2008 |p 4501721 |r 2019-11-22 |w 2019-11-22 |y BK |k EBA | ||